00000000nam##2200000za#4500
0019.681724
003CaOODSP
00520210615132506
007ta
008150407|2002||||xxc|||||     f|0| 0 fre|d
020 |a0-662-86638-X
040 |aCaOODSP|bfre
043 |an-cn---
0861 |aH68-53/2002F
1101 |aCanada.|bConseil national du bien-être social.
24513|aLe coût de la pauvreté
260 |aOttawa - Ontario : |bConseil national du bien-être social |c2001.
300 |a24p. : |bréférences ; |c28 cm.
500 |a«Il n'est pas question dans les pages qui suivent des personnes qui vivent dans la pauvreté à un moment ou à un autre. Ce document remet plutôt en question nos présomptions au sujet de la pauvreté elle-même-et de ceux qui en sont victimes-de manière à ce que nous puissions trouver des moyens durables et plus novateurs de la prévenir.»--Introduction
563 |aCouverture souple
590 |a02-07|b2002-02-15
69107|aPauvreté|2gcpds
69107|aCoût|2gcpds
69107|aFaible revenu|2gcpds
69107|aQuestions économiques|2gcpds
69107|aSécurité du revenu|2gcpds
69107|aBien-être social|2gcpds
77508|tThe cost of poverty |w(CaOODSP)9.648439
7760#|tLe coût de la pauvreté |w(CaOODSP)9.639213
986 |aVolume n° 115, Rapport du Conseil national du bien-être social